000 00800nam a2200289Ia 4500
003 OSt
005 20220912150305.0
006 a|||||r|||| 00| 0
007 ta
008 220909b |||||||| |||| 00| 0 eng d
020 _a0865427348 (pbk)
024 _a7404
037 _bResearchco,
037 _cTextual
040 _aCSL
_beng
_cCSL
041 _aeng
082 _aG:5, N9
100 _aMcGlade Jacqueline Ed
245 0 _aAdvanced ecological theory: principles and applications
260 _aOxford
_bBlackwell Science
_c1999
300 _axvii,353p
500 _aIncludes bibliographical references; Index 343-353p
650 _a Ecology
650 _aBiology
942 _hG:5, N9
_cTEXL
_2CC
999 _c44081
_d44081